WWE Dolph Ziggler Quiz - Statistics

General Stats
  • This quiz has been taken 499 times
    498 since last reset
  • The average score is 6 of 8
Answer Stats
Question Answer % Correct
#4 Is Dolph Ziggler married? No
96%
#3 How many kids does Dolph Ziggler have? Zero
88%
#2 How old is Ziggler? Thirty-four
83%
#7 Did Ziggler fight in FCW? Yes
83%
#8 Who did Ziggler defeat in 2012 to become the World Heavyweight Champion? Alberto Del Rio
62%
#6 What titlle did Ziggler win in July 2009? Intercontinental
60%
#1 Who did Ziggler go out with in the WWE besides Vickie and Aj? Nikki Bella
42%
#5 Where is he Dolph Ziggler from? Cleveland,Ohio
39%
No matching quizzes found
Score Distribution
Percent of People with Each Score
Percentile by Number Answered
Your Score History
You have not taken this quiz since the last reset